Тельбесская группа железорудных месторождений; Минерально-сырьевая база Кузнецкого металлургического комбината имени И. В. Сталина

Bibliografski detalji
Parent link:Минерально-сырьевая база Кузнецкого металлургического комбината имени И. В. Сталина.— 1933.— С. 28-45
Glavni autor: Усов М. А. Михаил Антонович
Jezik:ruski
Izdano: 1933
Teme:
Format: MixedMaterials Poglavlje knjige
KOHA link:https://koha.lib.tpu.ru/cgi-bin/koha/opac-detail.pl?biblionumber=173716

MARC

LEADER 00000naa2a2200000 4500
001 173716
005 20231031164518.0
035 |a (RuTPU)RU\TPU\book\188397 
035 |a RU\TPU\tpu\2994 
090 |a 173716 
100 |a 20091230d1933 k y0rusy50 ca 
101 0 |a rus 
102 |a RU 
200 1 |a Тельбесская группа железорудных месторождений  |f М. А. Усов 
463 0 |0 (RuTPU)RU\TPU\book\186255  |t Минерально-сырьевая база Кузнецкого металлургического комбината имени И. В. Сталина  |o сборник статей  |f под ред. В. А. Ветрова, М. А. Усова, А. А. Васильева, И. М. Мягкова  |v С. 28-45  |d 1933  |p 266 с. 
610 1 |a геолого-географические науки 
610 1 |a труды учёных ТПУ 
700 1 |a Усов  |b М. А.  |c российский геолог  |c профессор Томского технологического института  |f 1883-1939  |g Михаил Антонович  |2 stltpush  |3 (RuTPU)RU\TPU\pers\1941 
801 0 |a RU  |b 63413507  |c 20011210  |g PSBO 
801 2 |a RU  |b 63413507  |c 20091230  |g PSBO 
942 |c BK